| 000 | 00627nam a2200205 a 4500 | ||
|---|---|---|---|
| 005 | 20210223133706.0 | ||
| 008 | 181106s1997 mx r 000 0 spa d | ||
| 020 | _a9706282998 | ||
| 035 | _aUPN01000227600 | ||
| 049 | _aCG | ||
| 050 | 4 |
_aHB1991 _bA6.6 |
|
| 245 | 0 | 0 | _aApoyo a la descentralización de la política de distribución espacial de la población. |
| 260 |
_aMéxico : _bCONAPO, _c1997. |
||
| 300 |
_a157 p. : _bcuadros, mapas |
||
| 440 | 0 | _aEstudios regionales | |
| 650 | 4 |
_aDENSIDAD DE POBLACION - _zMEXICO _927204 |
|
| 651 | 4 |
_aMEXICO - _xPOLITICA DE POBLACION _98760 |
|
| 905 | _aLibro | ||
| 999 |
_c199695 _d199695 |
||